000 01208nam a2200229Ia 4500
003 Ost
005 20260507075412.0
008 260507s9999||||xx |||||||||||||| ||und||
020 _a9774100921
040 _cfsecg
041 _aara
082 _a600
100 _aالسجاعي، محمود محمود
_eمؤلف
245 0 _aمحاسبة التكاليف في المنظمات الصحية :
_bمدخل نظم المعلومات /
_c محمود محمود السجاعي
260 _aالإسكندرية:
_bالمكتبة العصرية,
_c2008
300 _a246 صفحة؛
_bإيضاحات ؛
_c24 سم
504 _aالمراجع ص.240
520 _aيضم مدخل محاسبي لدراسة المنظمات الصحية، أساسيات التكاليف في المنظمات الصحية، قائمة التكاليف وقائمة الدخل في المنظمات الصحية، أساليب تحميل التكاليف في المنظمات الصحية، المحاسبة عن تكلفة المواد والمستلزمات، المحاسبة عن التكاليف غير المباشرة
653 _aالمحاسبة
653 _aمحاسبة التكاليف
942 _cكتاب
999 _c44416
_d44416